| 000 | 01048nam2a22002531 4500 | ||
|---|---|---|---|
| 001 | rc\4739861 | ||
| 005 | 20250611140805.0 | ||
| 035 | _a(NLR Aleph) 008220319 | ||
| 090 |
_a8151882 _c8151882 |
||
| 100 | _a20130416d1968 |||y0rusy50 ca | ||
| 101 | 0 | _arus | |
| 102 | _aRU | ||
| 105 | _aac z |||a| | ||
| 200 | 1 | _aРассказы. Сказки. Повести | |
| 210 |
_d1968 _aБ. м. |
||
| 215 |
_a663 с., 1 л. портр. _cил. |
||
| 461 | 0 |
_1001rc\4739860 _12001#$aСобрание сочинений$eВ 3 т.$e[Для мл. и сред. возраста]$eТ. 1-3$vТ. 1 _1700#1$aНосов$bН.Н.$f1908-1976$gНиколай Николаевич _98151878 _aНосов, Н.Н. (1908-1976) _cМосква _d1968-1969 _nДет. лит. _oВ 3 т. : [Для мл. и сред. возраста] : Т. 1-3 _p3 т. _tСобрание сочинений _vТ. 1 |
|
| 517 | 0 | _aПовести | |
| 517 | 0 | _aСказки. Повести | |
| 801 | 0 |
_aRU _bNLR _gpsbo |
|
| 801 | 1 |
_aRU _bELAR _2rusmarc |
|
| 852 |
_aNLR _j69-5/29 |
||
| 942 | _cBOOK | ||
| 980 | _aNB | ||